LEADER 01271nam a2200205 i 4500 001 000000258735 003 CaOOAMICUS 005 20180531000000.0 008 180531s1767 xx u000 u fre u 013 $a237643 026 $arss, nees neun alco (3) 1767 (R) 040 $aSeMil$bita 245 10$aTome 2. 300 $a[2], 536, [2] p., 39-73 carte di tav. ripieg. :$bill. calcogr. 500 $aSegn.: pg1 A-3X4 3Y2(-3Y2). - La c. 3Y1 contiene l'errata del v. 2. - Fregio xilogr. sul front. 650 4$aUccelli.$0(OLS)http://semarc/subject/3913 773 0 $aSmith, Robert <1689-1768>$tCours complet d'optique, traduit de l'anglois de Robert Smith, contenant la théorie la pratique & les usages de cette science. Avec des additions considérables sur toutes les nouvelles découvertes qu'on a faites en cette matière ..$dA Avignon : chez la veuve Girard & François Seguin, impr. lib. place St. Didier : [chez] Jean Aubert, impr. lib., pres le Change ; se vend a Paris : chez Charles-Antoine Jombert, lib. du roi, rue Dauphine : [chez] Charles Saillant, lib. rue St. Jean de Beauvais, 1767.$g2$w()15689 850 $aSeMil 852 $aSeMil$W1$xVenegono$y1$m3W V 76 FA$j209081$B209081$CSeMilBibl$Z2$F222787 $8I 996 $6245$aTome 2$9(OLS)http://semarc/title/1533 LEADER 01290nam a2200289 i 4500 001 000000114617 003 CaOOAMICUS 005 20030423000000.0 008 030423s1994 it u000 u ita u 013 $a87304 020 $a88-17-11116-3 040 $aSeMil$bita 100 1 $aAmicone, Luigi,$d<1956-2021>.$0(OLS)http://semarc/name/47906 245 10$aSulle tracce di Cristo :$bviaggio in Terrasanta con Luigi Giussani /$cLuigi Amicone. 260 $aMilano :$bBiblioteca Universale Rizzoli,$c1994. 300 $a181 p. :$b[1] c. geogr. ;$c20 cm. 490 0 $aI libri dello spirito cristiano 500 $aContiene : Intervista a Luigi Giussani. - Fondo Card. C.M. Martini. 650 4$aTerra Santa - Pellegrinaggi.$0(OLS)http://semarc/subject/3066 830 2$aI libri dello spirito cristiano.$0(OLS)http://semarc/title/9336 850 $aSeMil 852 $aSeMil$W1$xVenegono$y1$m3F II 217$j70172$B70172$CSeMilBibl$Z2$F97067 $81 941 1 $a4 961 $aOmaggio: Martini Card. Carlo Maria 996 $6020$a88-17-11116-3$9(OLS)http://semarc/number/98008 996 $6245$aSulle tracce di Cristo :$bviaggio in Terrasanta con Luigi Giussani$9(OLS)http://semarc/title/167590 996 $6260$aMilano :$bBiblioteca Universale Rizzoli$9(OLS)http://semarc/publisher/31907